[Event "7. Festival GEMA - Cerrado GM"]
[Site "Mondariz-Balneario ESP"]
[Date "2008.01.03"]
[Round "7.1"]
[White "Movsziszian, Karen"]
[Black "Hernando Rodrigo, Jose Maria"]
[Result "1-0"]
[WhiteElo "2531"]
[BlackElo "2359"]
[PlyCount "75"]
[EventDate "2007.12.26"]
[EventType "tourn"]
[EventRounds "9"]
[EventCountry "ESP"]
[Source "lmi"]
[SourceDate "2007.12.26"]

1. Nf3 Nf6 2. g3 d5 3. Bg2 c5 4. O-O Nc6 5. d3 Bg4 6. Nbd2 e6 7. c3 Be7 8. a3
O-O 9. b4 b5 10. bxc5 Bxc5 11. Nb3 Bb6 12. h3 Bxf3 13. Bxf3 Rc8 14. Bg2 Re8 15.
a4 bxa4 16. Rxa4 Qd6 17. Kh2 Ne7 18. Bd2 Ng6 19. Nd4 h5 20. Nf3 e5 21. Nh4 Nxh4
22. Rxh4 e4 23. d4 e3 24. Bxe3 Rxe3 25. fxe3 g5 26. Rxf6 Qxf6 27. Rxh5 Qg6 28.
Bf3 Rxc3 29. h4 Bd8 30. Qa4 Qe6 31. hxg5 Kg7 32. Kg2 Bb6 33. Rh4 Rxe3 34. Qc2
Bd8 35. Rh6 Qe8 36. Qh7+ Kf8 37. Qh8+ Ke7 38. Qf6+ 1-0

[Event "7. Festival GEMA - Cerrado GM"]
[Site "Mondariz-Balneario ESP"]
[Date "2008.01.03"]
[Round "7.3"]
[White "Paunovic, Dragan"]
[Black "Zhao, Zong-Yuan"]
[Result "1/2-1/2"]
[WhiteElo "2535"]
[BlackElo "2491"]
[PlyCount "106"]
[EventDate "2007.12.26"]
[EventType "tourn"]
[EventRounds "9"]
[EventCountry "ESP"]
[Source "lmi"]
[SourceDate "2007.12.26"]

1. c4 Nf6 2. Nc3 e5 3. g3 Bb4 4. Bg2 O-O 5. Nf3 Nc6 6. O-O e4 7. Ng5 Bxc3 8.
dxc3 Re8 9. Nh3 Ne5 10. b3 d6 11. Nf4 Bf5 12. Nd5 h6 13. h3 a5 14. Be3 a4 15.
Qd2 Ra5 16. Rae1 axb3 17. axb3 Nxd5 18. cxd5 Qd7 19. c4 Rea8 20. Kh2 Ra2 21.
Qc3 Qe8 22. Bd4 f6 23. Kg1 Qd7 24. g4 Bg6 25. Ra1 h5 26. f4 exf3 27. exf3 Nd3
28. Rxa2 Rxa2 29. Ra1 Rxa1+ 30. Qxa1 Qe7 31. Bf1 hxg4 32. hxg4 b5 33. Qd1 bxc4
34. bxc4 Nc5 35. Kf2 Kf7 36. Bxc5 dxc5 37. Bd3 Qe5 38. Bxg6+ Kxg6 39. Qd3+ Kg5
40. Qe3+ Qxe3+ 41. Kxe3 f5 42. gxf5 Kxf5 43. f4 g5 44. fxg5 Kxg5 45. Ke4 Kf6
46. Kf4 Ke7 47. Ke5 Kd7 48. Kf6 c6 49. dxc6+ Kxc6 50. Ke6 Kc7 51. Kd5 Kb6 52.
Kd6 Kb7 53. Kxc5 Kc7 1/2-1/2

[Event "7. Festival GEMA - Cerrado GM"]
[Site "Mondariz-Balneario ESP"]
[Date "2008.01.03"]
[Round "7.4"]
[White "Ortega Hermida, Daniel"]
[Black "Suarez Pousa, Diego"]
[Result "0-1"]
[WhiteElo "2389"]
[BlackElo "2406"]
[PlyCount "58"]
[EventDate "2007.12.26"]
[EventType "tourn"]
[EventRounds "9"]
[EventCountry "ESP"]
[Source "lmi"]
[SourceDate "2007.12.26"]

1. d4 Nf6 2. Nf3 e6 3. c4 Bb4+ 4. Bd2 Qe7 5. g3 Nc6 6. e3 O-O 7. Bg2 Bxd2+ 8.
Nfxd2 e5 9. d5 Nb8 10. O-O d6 11. Nc3 a5 12. a3 Ng4 13. h3 Nh6 14. Qc2 f5 15.
f4 g5 16. Kh2 Nd7 17. Rae1 Qg7 18. Nb5 gxf4 19. gxf4 Nf6 20. Bf3 Kh8 21. Rg1
Nhg4+ 22. hxg4 fxg4 23. Be4 Nxe4 24. Qxe4 Bf5 25. Qh1 Rf6 26. Kg3 Rh6 27. Qg2
exf4+ 28. exf4 Rh3+ 29. Kf2 g3+ 0-1

[Event "7. Festival GEMA - Cerrado GM"]
[Site "Mondariz-Balneario ESP"]
[Date "2008.01.04"]
[Round "8.1"]
[White "Hernando Rodrigo, Jose Maria"]
[Black "Vega Gutierrez, Sabrina"]
[Result "1/2-1/2"]
[WhiteElo "2359"]
[BlackElo "2331"]
[PlyCount "24"]
[EventDate "2007.12.26"]
[EventType "tourn"]
[EventRounds "9"]
[EventCountry "ESP"]
[Source "lmi"]
[SourceDate "2007.12.26"]

1. d4 d5 2. c4 e6 3. Nf3 c6 4. Nbd2 Nf6 5. e3 c5 6. cxd5 exd5 7. dxc5 Bxc5 8.
a3 a5 9. Nb3 Bd6 10. Bd2 Nc6 11. Bb5 O-O 12. Bc3 Bg4 1/2-1/2

[Event "7. Festival GEMA - Cerrado GM"]
[Site "Mondariz-Balneario ESP"]
[Date "2008.01.04"]
[Round "8.2"]
[White "Suarez Pousa, Diego"]
[Black "Galego, Luis"]
[Result "1-0"]
[WhiteElo "2406"]
[BlackElo "2530"]
[PlyCount "77"]
[EventDate "2007.12.26"]
[EventType "tourn"]
[EventRounds "9"]
[EventCountry "ESP"]
[Source "lmi"]
[SourceDate "2007.12.26"]

1. e4 c5 2. Nc3 a6 3. Nf3 b5 4. d4 cxd4 5. Nxd4 e6 6. Bd3 Bb7 7. f4 b4 8. Na4
Nf6 9. Qe2 Nc6 10. Nb3 d6 11. g4 Nd7 12. Be3 Na5 13. Qf2 Be7 14. h4 Nxb3 15.
axb3 Nf6 16. Qg2 d5 17. e5 Nd7 18. Bd4 Bxh4+ 19. Kf1 Be7 20. f5 Qc7 21. fxe6
Nxe5 22. exf7+ Nxf7 23. Re1 Kf8 24. Kg1 Re8 25. Qf2 Bc6 26. Nc5 Bxc5 27. Bxc5+
Kg8 28. Rxe8+ Bxe8 29. Rh5 Bb5 30. Qe3 h6 31. Bxb5 axb5 32. Rxd5 Qc6 33. Qe4 h5
34. g5 g6 35. Bd4 Rh7 36. Qe7 Rg7 37. Rd8+ Kh7 38. Bxg7 Qf3 39. Rh8+ 1-0

[Event "7. Festival GEMA - Cerrado GM"]
[Site "Mondariz-Balneario ESP"]
[Date "2008.01.04"]
[Round "8.5"]
[White "Movsziszian, Karen"]
[Black "Franco Ocampos, Zenon"]
[Result "1/2-1/2"]
[WhiteElo "2531"]
[BlackElo "2516"]
[PlyCount "27"]
[EventDate "2007.12.26"]
[EventType "tourn"]
[EventRounds "9"]
[EventCountry "ESP"]
[Source "lmi"]
[SourceDate "2007.12.26"]

1. d4 d5 2. c4 e6 3. Nc3 Nf6 4. Nf3 Be7 5. Bg5 h6 6. Bh4 O-O 7. e3 Nbd7 8. Rc1
c6 9. Bd3 dxc4 10. Bxc4 Nd5 11. Bxe7 Qxe7 12. O-O Nxc3 13. Rxc3 e5 14. Qc2
1/2-1/2

[Event "7. Festival GEMA - Cerrado GM"]
[Site "Mondariz-Balneario ESP"]
[Date "2008.01.05"]
[Round "9.1"]
[White "Franco Ocampos, Zenon"]
[Black "Hernando Rodrigo, Jose Maria"]
[Result "1-0"]
[WhiteElo "2516"]
[BlackElo "2359"]
[PlyCount "119"]
[EventDate "2007.12.26"]
[EventType "tourn"]
[EventRounds "9"]
[EventCountry "ESP"]
[Source "lmi"]
[SourceDate "2007.12.26"]

1. d4 d5 2. Nf3 Nf6 3. c4 c6 4. Qc2 g6 5. Bf4 Bf5 6. Qb3 Qb6 7. c5 Qxb3 8. axb3
Nbd7 9. b4 Nh5 10. Be3 Bxb1 11. Rxb1 a6 12. h3 Bg7 13. g4 Nhf6 14. Bf4 O-O 15.
e3 Ne8 16. Bd3 f6 17. e4 e5 18. Bg3 dxe4 19. Bxe4 f5 20. gxf5 gxf5 21. Bc2 e4
22. Bb3+ Kh8 23. Ng5 f4 24. Bh2 Nc7 25. Nf7+ Rxf7 26. Bxf7 Bh6 27. Bc4 Nf6 28.
Kd2 Ncd5 29. b5 axb5 30. Bb3 Rd8 31. Ra1 e3+ 32. Ke2 exf2 33. Bxd5 Nxd5 34.
Kxf2 Kg7 35. Ra7 Rd7 36. Kf3 Kf7 37. Re1 Ne3 38. Bg1 Ke6 39. Ke4 Rg7 40. Bf2
Re7 41. Bh4 Rg7 42. Re2 Rf7 43. Ra8 Nf5 44. Kd3+ Kd7 45. Bf2 Ne3 46. Re1 Re7
47. Bh4 Rg7 48. Rd8+ Kc7 49. Ra1 Rd7 50. Raa8 Rxd8 51. Rxd8 Nf5 52. Rh8 Kd7 53.
Rxh7+ Ke6 54. Bf2 Bg7 55. Ke4 Kf6 56. Rh5 Ne7 57. Bh4+ Kf7 58. Bxe7 Kxe7 59.
Rh7 Kf8 60. Rxg7 1-0

[Event "7. Festival GEMA - Cerrado GM"]
[Site "Mondariz-Balneario ESP"]
[Date "2008.01.05"]
[Round "9.3"]
[White "Ortega Hermida, Daniel"]
[Black "Larino Nieto, David"]
[Result "1-0"]
[WhiteElo "2389"]
[BlackElo "2428"]
[PlyCount "111"]
[EventDate "2007.12.26"]
[EventType "tourn"]
[EventRounds "9"]
[EventCountry "ESP"]
[Source "lmi"]
[SourceDate "2007.12.26"]

1. d4 e6 2. c4 c5 3. d5 exd5 4. cxd5 d6 5. e4 g6 6. Nf3 Bg7 7. Bb5+ Nd7 8. O-O
a6 9. Bd3 Ngf6 10. h3 O-O 11. Nc3 Nh5 12. Bg5 Bf6 13. Bh6 Re8 14. Qd2 Ne5 15.
Nxe5 Bxe5 16. f4 Bd4+ 17. Kh2 Qh4 18. Rf3 Bf6 19. Qe1 Qxe1 20. Rxe1 b5 21. g4
Bxc3 22. bxc3 Nf6 23. Rfe3 Ra7 24. Bg5 Kg7 25. Bxf6+ Kxf6 26. e5+ Kg7 27. c4 b4
28. exd6 Rxe3 29. Rxe3 a5 30. Re8 Bd7 31. Re7 a4 32. Bc2 b3 33. axb3 a3 34. Re1
a2 35. Ra1 Ra3 36. Kg3 h6 37. g5 f6 38. h4 hxg5 39. hxg5 Kf7 40. Kf2 Ra8 41.
Ke3 Bf5 42. Bxf5 gxf5 43. g6+ Kxg6 44. d7 Rd8 45. Rxa2 Rxd7 46. Ra5 Re7+ 47.
Kf3 Rb7 48. Rb5 Rh7 49. Rxc5 Rh3+ 50. Kg2 Rxb3 51. d6 Rd3 52. Rd5 Rxd5 53. cxd5
Kf7 54. Kf3 Ke8 55. Ke3 Kd7 56. Kd4 1-0

[Event "7. Festival GEMA - Cerrado GM"]
[Site "Mondariz-Balneario ESP"]
[Date "2008.01.05"]
[Round "9.5"]
[White "Vega Gutierrez, Sabrina"]
[Black "Suarez Pousa, Diego"]
[Result "1/2-1/2"]
[WhiteElo "2331"]
[BlackElo "2406"]
[PlyCount "151"]
[EventDate "2007.12.26"]
[EventType "tourn"]
[EventRounds "9"]
[EventCountry "ESP"]
[Source "lmi"]
[SourceDate "2007.12.26"]

1. e4 e5 2. Nf3 d6 3. d4 Nd7 4. Bc4 c6 5. O-O Be7 6. dxe5 dxe5 7. Ng5 Nh6 8.
Ne6 fxe6 9. Bxh6 Nb6 10. Qh5+ g6 11. Qe2 Qd4 12. Bb3 Qxb2 13. Nd2 Bf8 14. Bxf8
Rxf8 15. a4 a5 16. Qe3 Qd4 17. Qg5 Qd8 18. Qxe5 Kf7 19. Nf3 Qf6 20. Qc7+ Nd7
21. Rad1 Qe7 22. Ne5+ Nxe5 23. Qxe5 Qf6 24. f4 Re8 25. Qc5 Kg7 26. Rd6 Qb2 27.
e5 Rf8 28. Rdd1 b6 29. Qxc6 Ra7 30. Qxb6 Rff7 31. Qc5 Rac7 32. Qxa5 Bb7 33. Qd2
Be4 34. Qd4 Qxd4+ 35. Rxd4 Bxc2 36. Bxe6 Rfe7 37. Bg4 Ra7 38. Ra1 g5 39. g3
gxf4 40. gxf4 Kf8 41. Bd1 Bf5 42. Rc1 Rg7+ 43. Kf2 Rab7 44. Rd8+ Ke7 45. Rd6
Rg8 46. Ke3 Rg1 47. a5 Re1+ 48. Kf2 Rh1 49. a6 Rb2+ 50. Ke3 Re1+ 51. Kd4 Re4+
52. Kc5 Bd7 53. Kd5 Rxf4 54. a7 Rd2+ 55. Kc5 Ra2 56. Bb3 Ra5+ 57. Kb6 Ra3 58.
Bc4 Rf8 59. Bb5 Bxb5 60. Rc7+ Ke8 61. Kxb5 Rf1 62. Rb7 Rfa1 63. Kb6 R3a2 64. e6
Ra6+ 65. Kc5 R1a5+ 66. Rb5 Rxa7 67. Rdb6 Ra2 68. Kd6 Rd2+ 69. Rd5 Rxd5+ 70.
Kxd5 Ke7 71. Rb5 Kf6 72. Rb1 Ra5+ 73. Kd6 Ra6+ 74. Kd7 Ra7+ 75. Kd6 Ra6+ 76.
Kd7 1/2-1/2